01028nam a2200265 i 450000100060000000300090000600500170001500700030003200800390003502000180007408000190009224501520011126000430026330000300030649000260033650400200036265100570038265100460043971000420048571000400052783000340056785200220060199900170062395201220064015821ES-MaACL20230906151148.0t|000508s1988 sp ||||0| spa a84-86801-05-2 a946.0"1936/39"04aLos sucesos de mayo de 1937 : buna revolución en la República /cFundación Andreu Nin en colaboración con la Fundación Salvador Seguí. aBarcelona : bPandora Libros, c[1988] a249 p. : bil. ; c20 cm.1 aPandora época ; v5 aBibliografía. 4aEspaña-xHistoria-y1936-1939, Guerra civil.98292 4aBarcelona-xHistoria-y1936-1939.91681482 aFundación Andreu Nin (Madrid)942152 aFundación Salvador Seguí.944101 aPandora época ; v59228608 aES-MaACLjL-22966 c15821d15821 00104070aATENEOMbATENEOMcDEPO2d2008-01-17eSCl0oL-22966p1016081r2023-02-23 00:00:00w2023-02-23yMONOGRAFIA